Extensión : tres binomios dinámicos /

Na minha lista:
Detalhes bibliográficos
Autor principal: Fernández, Fernando
Formato: Desconhecido
Assuntos:
Tags: Adicionar Tag
Sem tags, seja o primeiro a adicionar uma tag!

MARC

LEADER 000000000a22000000004500
001 004385
100 1 |a Fernández, Fernando 
245 1 0 |a Extensión :   |b tres binomios dinámicos /   |c Fernando Fernández. 
310 |a semestral 
650 4 |a EXTENSION UNIVERSITARIA 
650 4 |a EDUCACION SUPERIOR 
650 4 |a CULTURA 
650 4 |a PROYECCION SOCIAL 
650 4 |a INSTITUCIONES EDUCATIVAS 
650 4 |a UNIVERSIDAD PUBLICA 
773 0 |x 1409-2263  |d Costa Rica : Editorial de la Universidad Nacional  |t Imágenes  |g número 7 (1997), páginas 129-133 
942 |c ARC 
999 |c 11368  |d 11368